Central Library OPAC University of Rajshahi

Peasants & potters / (Record no. 69340)

MARC details
000 -LEADER
fixed length control field 00702nam a2200229 a 4500
001 - CONTROL NUMBER
control field 69340
003 - CONTROL NUMBER IDENTIFIER
rucl marc code BD-RjUL
005 - DATE AND TIME OF LATEST TRANSACTION
control field 20211209081856.0
008 - FIXED-LENGTH DATA ELEMENTS--GENERAL INFORMATION
fixed length control field 170411s1927 ctuab 001 0 eng
035 ## - SYSTEM CONTROL NUMBER
System control number (BD-RjUL)69551
040 ## - CATALOGING SOURCE
Original cataloging agency DLC
Transcribing agency CarP
Modifying agency BD-RjUL
Language of cataloging eng
041 ## - LANGUAGE CODE
Language code of text/sound track or separate title eng
082 ## - DEWEY DECIMAL CLASSIFICATION NUMBER
Edition number 23
Classification number 930
Author mark and year MAG 2008
100 1# - MAIN ENTRY--PERSONAL NAME
Personal name Peake, Harold,
Dates associated with a name 1867-1946.
9 (RLIN) 205432
245 10 - TITLE STATEMENT
Title Peasants & potters /
Statement of responsibility, etc. Harold Peake; H J Fleure
260 ## - PUBLICATION, DISTRIBUTION, ETC. (IMPRINT)
Place of publication, distribution, etc. Oxford :
Name of publisher, distributor, etc. H. Milford, Oxford university press,
Date of publication, distribution, etc. 1927.
300 ## - PHYSICAL DESCRIPTION
Pagination 152 p. :
Illustrations ill. ;
Size 21 cm.
650 #0 - SUBJECT ADDED ENTRY--TOPICAL TERM
Topical term or geographic name as entry element Civilization, Ancient.
9 (RLIN) 151764
Topical term or geographic name as entry element Archaeology.
9 (RLIN) 205433
700 1# - ADDED ENTRY--PERSONAL NAME
Personal name Fleure, Herbert John,
Dates associated with a name 1877-
Relator term joint author.
942 ## - ADDED ENTRY ELEMENTS (KOHA)
Source of classification or shelving scheme Dewey Decimal Classification
Koha item type Books
Holdings
Lost status Source of classification or shelving scheme Damaged status Not for loan Collection code Permanent Location Current Location Shelving location Date acquired Source of acquisition Cost, normal purchase price Total Checkouts Full call number Date last seen Copy number Koha item type
  Dewey Decimal Classification   Not For Loan Non-fiction Central Library, University of Rajshahi Central Library, University of Rajshahi Reading Room 15/11/1967 Oxford University Press 12.30   930 MAG 2008 11/04/2017 C-1 Books
  Dewey Decimal Classification     Non-fiction Central Library, University of Rajshahi Central Library, University of Rajshahi   15/11/1967 oxford university 12.30   930 MAG 1927 07/06/2017 C-2 Books